| 000 | 00554nam a22001937a 4500 | ||
|---|---|---|---|
| 003 | OSt | ||
| 005 | 20140310182533.0 | ||
| 008 | 130813t xxu||||| |||| 00| 0 eng d | ||
| 020 | _a9780071628792 | ||
| 050 |
_aQR 41.2 _b.So695 2010 |
||
| 100 |
_aSomers, Kenneth D. _97867 |
||
| 245 |
_aMicrobiology and Infectious Diseases / _cKenneth D. Somers. |
||
| 260 |
_aUnited States: _bMcGraw-Hill Companies, Inc., _cc2010. |
||
| 300 |
_avi, 204 p. : _c16 cm. |
||
| 650 |
_aMicrobiology. _97967 |
||
| 942 |
_2lcc _cSSLC |
||
| 999 |
_c14156 _d14156 |
||